Đình Nam Bộ Tín ngưỡng và nghi lễ
Uloženo v:
| Hlavní autor: | |
|---|---|
| Médium: | Kniha |
| Jazyk: | Undetermined |
| Vydáno: |
Tp. HCM
Nxb. TP. HCM
1993
|
| Témata: | |
| Tagy: |
Přidat tag
Žádné tagy, Buďte první, kdo otaguje tento záznam!
|
| Thư viện lưu trữ: | Trung tâm Học liệu Trường Đại học Cần Thơ |
|---|
| LEADER | 00579nam a2200181Ia 4500 | ||
|---|---|---|---|
| 001 | CTU_5289 | ||
| 008 | 210402s9999 xx 000 0 und d | ||
| 082 | |a 291.35 | ||
| 082 | |b Tr106 | ||
| 100 | |a Huỳnh Ngọc Trảng | ||
| 245 | 0 | |a Đình Nam Bộ | |
| 245 | 0 | |b Tín ngưỡng và nghi lễ | |
| 245 | 0 | |c Huỳnh Ngọc Trảng, Hồ Tường, Trương Ngọc Tường | |
| 260 | |a Tp. HCM | ||
| 260 | |b Nxb. TP. HCM | ||
| 260 | |c 1993 | ||
| 650 | |a religion and culture - south vietnam,temples | ||
| 980 | |a Trung tâm Học liệu Trường Đại học Cần Thơ | ||